000 00913nac a22002777a 4500
001 BR8805000
003 BR-BrBNA
005 20240105120824.0
008 230509b bl.|||m| |||| 00| 0 por d
040 _aBR-BrBNA
_bpor
_cBiblioteca Nacional de Agricultura
072 _aH10
090 _a0430 BR8805000
100 1 _aCampanhola, C.
100 1 _aMartin, D.F.
110 1 _aCentro Nacional de Pesquisa de Defesa da Agricultura, Jaguariuna, SP (Brasil)
_91762
245 1 _aObservacao de adultos de bicudo em hibernacao
246 1 _a[Cotton anthonomous control]
260 3 _aJaguariuna, SP (Brasil):
_c1987.
300 _a3 p.
490 _aComunicado Tecnico - Centro Nacional de Pesquisa de Defesa da Agricultura (Brazil)
_vno. 1
_xISSN 0102-9371
650 _aALGODAO
650 _aBICUDO
650 _aERRADICACAO
909 _a202312
_bLúcia Elande
_c55
_dLúcia Elande
942 _2AGRIS
_n0
_cMS
999 _c281622
_d281622